01081pam a2200301 i 4500952015100000999001700151001000800168003000900176005001700185008004100202010001700243020001500260040002800275050001800303082001500321100003300336245007900369260009100448300003400539440004500573500002000618504003000638650002200668650001500690650001700705906004500722942001200767 00102ddc40708NFICaASLbASLcGENd2021-03-02eDonated by Prof. A. F. A. Husainl0o370.1 COFp106960r2021-03-02 00:00:00tC-1w2021-03-02yBK c22673d226733683312BDDh-ASL20231015030142.0781103s1979 mdua bs 001 0 eng  a 78026070  a0801821401 aDLCcDLCdDLCdBDDh-ASL00aHB903.F4bC5800a370.1bCOF1 aCochrane, Susan Hill,d1943-10aFertility and education :bwhat do we really know? /cSusan Hill Cochrane. aBaltimore :bPublished for the World Bank [by] Johns Hopkins University Press,cc1979. axii, 175 p. :bill. ;c23 cm. 0aWorld Bank staff occasional papers ;v26 aIncludes index. aBibliography: p. 153-172. 0aFertility, Human. 0aEducation. 0aFamily size. a7bcbccorignewd1eocipf19gy-gencatlg 2ddccBK